| 000 | 01217nam a2200313 4500 | ||
|---|---|---|---|
| 003 | EC-UNACH | ||
| 005 | 20251217115037.0 | ||
| 006 | s||||gr|||| 00| 00 | ||
| 008 | 150116t9999 mx r gr 000 0 spa d | ||
| 020 | _a978-9978-67-193-1 | ||
| 040 |
_aEC-UNACH _cEC-UNACH |
||
| 041 | _aspa | ||
| 082 | 0 | 4 |
_223 _a327.06 _bL018511 |
| 110 | _aFlacso | ||
| 245 | _aRelaciones internacionales : los nuevos horizontes | ||
| 250 | _aPrimera eición | ||
| 264 |
_aEcuador _bFlacso _c2009 |
||
| 300 | _a270 | ||
| 505 | _aI. Las relaciones internacionales en América Latina: una amalgama de nuevos enfoques y nuevos actores, por Grace Jaramillo -- II. Relaciones América Latina-Estados Unidos: Elena Ruiz Labrador, Kenneth Ray, Arlene Beth Tickner -- China en el contexto sudamericano - - Miradas heterogenias de las relaciones internacionales - - Derechos humanos nuevos desafíos para la gobernanza global. | ||
| 650 | _aRELACIONES INTERNACIONALES | ||
| 650 | _aDESAFIOS DE SEGURIDAD | ||
| 650 | _aCOMPLEJOS DE SEGURIDAD | ||
| 700 | _aGrace Jaramillo | ||
| 942 |
_2ddc _c1 |
||
| 999 | _c14308 | ||